drunk text - Henry Moodie (All lyrics) - Statistics

General Stats
  • This quiz has been taken 155 times
    120 since last reset
  • The average score is 258 of 308
Answer Stats
Paroles % Correct
a
100%
I
100%
no
100%
at
98%
drunk
98%
november
98%
of
98%
for
98%
midnight
98%
of
98%
text
98%
texted
98%
the
98%
to
98%
was
98%
wish
98%
Wish
98%
you
98%
You
98%
and
95%
And
95%
home
95%
me
95%
that
95%
who
95%
as
93%
can't
93%
walked
93%
When
93%
it
93%
reply
93%
Waiting
93%
walked
93%
when
93%
When
93%
asleep
90%
by
90%
Do
90%
do
90%
fall
90%
in
90%
reason
90%
someone
90%
then
90%
up
90%
what
90%
What
90%
3
88%
just
88%
said
88%
stay
88%
But
85%
don't
85%
5th
85%
remember
85%
till
85%
too
85%
we
85%
be
83%
That's
83%
more
83%
nearly
83%
on
83%
than
83%
your
83%
Cause
80%
cause
80%
feel
80%
honest
80%
hoping
80%
open
80%
say
80%
you're
80%
Forget
78%
I'm
78%
Instead
78%
my
78%
still
78%
April
76%
feeling
76%
get
76%
inside
76%
late
76%
probably
76%
scared
76%
froze
73%
has
73%
mind
73%
much
73%
stayed
73%
wasn't
73%
way
73%
Yesterday
73%
You'd
73%
you'd
73%
If
71%
if
71%
7th
68%
day
68%
Deleted
68%
drank
68%
eyes
68%
go
68%
here
68%
It's
68%
message
68%
wanna
68%
would
68%
changed
66%
every
66%
friend
66%
hard
66%
nothing
66%
sent
66%
sky
66%
spoke
66%
Started
66%
write
66%
afraid
63%
again
63%
same
63%
took
63%
we're
63%
while
63%
make
61%
Oh
61%
Sometimes
61%
both
59%
jokes
59%
keep
59%
know
59%
question
59%
sparks
59%
stupid
59%
wonder
59%
mine
54%
tell
54%
friendship
51%
hold
51%
I'd
51%
myself
51%
ruin
51%
truth
51%
cross
49%
Half
49%
hide
49%
our
49%
how
46%
lose
44%
away
41%
Hiding
41%
meant
39%
really
39%
will
39%
Destroying
34%
Tryna
34%
No matching quizzes found
Score Distribution
Percent of People with Each Score
Percentile by Number Answered
Your Score History
You have not taken this quiz since the last reset